Bienvenue à la Médiathèque de Saint-Andiol
banniere
Accueil Recherche avancée Mon compte
handi1 Rechercher dans le catalogue

Filtre   Mots-clés
  Recherche avancée
 
Lister les dernières nouveautés
 
Lister les livres GROS CARACTERES
 
Lister les périodiques (magazines)

handi1 Meilleurs voeux de mariage

<< Retourner aux résultats de la recherche
Book Cover
Auteur principal : Audrey Alwett
Autres auteurs : Nora Moretti
Titre : Meilleurs voeux de mariage
Support : Livres
Langue : Francais
Publié : DL 2015 Soleil Toulon
Series : Princesse Sara
Genre : Bande Dessinée (enfants)
Collection : Princesse Sara
Sujets :
Étiquettes :
Pas de tags
LEADER 01028nam0a2200229 450
001 16838710
010 |a 978-2-302-04742-6  |b rel.  |d 10,95 € 
100 |a 20151231d2026 u u0frey01 ba 
101 0 |a fre 
102 |a FR 
200 0 |a Meilleurs voeux de mariage  |f scénario, Audrey Alwett  |g dessin, Nora Moretti - couleurs, Marina Duclos - dessin, Nora Moretti - couleurs, Marina Duclos 
207 1 |a   
210 |a Toulon  |c Soleil  |d DL 2015 
215 |a 1 vol. (45 p.)  |c ill. en coul.  |d 30 cm  |e 1 ex-libris 
225 1 |a Princesse Sara  |v 8 
330 |a Sara Crewe doit aider Lavinia, son ennemie, à fuir son mariage. Elle se retrouve sur tous les fronts et n'a pas le temps de s'occuper de James. Or Lavinia trouve le jeune homme très à son goût. 
461 0 |t Princesse Sara  |v 8 
700 0 |a Alwett  |b Audrey  |f 1982-....  |4 70 
702 0 |a Moretti  |b Nora  |f 1980-....  |4 440 
900 |a Bande Dessinée (enfants) 
901 |a Jeunesse 
995 |a Médiathèque  |c Médiathèque  |f 089014468  |h 089014468  |k BD PRI T.8  |o p  |q j  |r az  |e Médiathèque